|
|
|
|
| LEADER |
01411nam a2200313 a 4500 |
| 001 |
c000132470 |
| 003 |
CARM |
| 005 |
19930622000000.0 |
| 008 |
781206s1965 vraab b 101 0 eng |
| 019 |
1 |
|
|a 1304366
|5 LACONCORD2021
|
| 035 |
|
|
|a (OCoLC)4730938
|5 LACONCORD2021
|
| 040 |
|
|
|a 0002
|b eng
|c 0002
|d XNTU
|
| 042 |
|
|
|a anuc
|
| 043 |
|
|
|a u-at---
|
| 050 |
0 |
0 |
|a TN121
|b .L3
|
| 082 |
0 |
4 |
|a 622.1
|
| 100 |
1 |
|
|a Lawrence, Laurence James,
|d 1919-,
|e ed.
|
| 245 |
1 |
0 |
|a Exploration and mining geology,
|b with particular reference to the Commonwealth of Australia,
|c edited by L. J. Lawrence.
|
| 260 |
|
|
|a Melbourne,
|b Office of the Congress of the Australasian Institute of Mining and Metallurgy,
|c 1965.
|
| 300 |
|
|
|a xiv, 365 p.
|b illus., maps.
|c 25 cm.
|
| 490 |
1 |
|
|a Eighth Commonwealth Mining and Metallurgical Congress, Australia and New Zealand, 1965. Publications, v. 2
|
| 504 |
|
|
|a Includes bibliographies.
|
| 650 |
|
0 |
|a Mines and mineral resources
|z Australia.
|
| 650 |
|
0 |
|a Prospecting.
|
| 710 |
2 |
|
|a Australasian Institute of Mining and Metallurgy.
|
| 811 |
2 |
|
|a Commonwealth Mining and Metallurgical Congress.
|b 8th,
|c Melbourne, etc.,
|d 1965.
|t Publications, ;
|v v. 2.
|
| 852 |
8 |
|
|b CARM
|h A2:AD09C0
|i D01247
|p 0083357
|f BK
|
| 999 |
f |
f |
|i d088704e-ce0e-5505-a672-98e92873922e
|s 96095f85-b20e-59de-be2b-84ac5c7148f8
|
| 952 |
f |
f |
|p Can circulate
|a CAVAL
|b CAVAL
|c CAVAL
|d CARM 1 Store
|e D01247
|f A2:AD09C0
|h Other scheme
|i book
|m 0083357
|